| 000 | 01155nac a22002291u 4500 | ||
|---|---|---|---|
| 008 | 100217r20052009nyu|||||r|||| 001 0 eng d | ||
| 010 | _a 2005012195 | ||
| 020 | _a9780521853262 | ||
| 020 | _a9780521140058 | ||
| 082 | 0 | 0 |
_a620.1064015186 _bDAT _222 |
| 100 |
_aDate, Anil W. _911455 |
||
| 245 | 1 | 0 |
_aIntroduction to Computational Fluid Dynamics / _cAnil W. Date |
| 260 |
_aNew York : _bCambridge University Press, 2009 _c2009 |
||
| 300 |
_axx, 377 p. : _bill. ; _c26 cm. |
||
| 504 | _aIncludes bibliography:p.369-374 and index | ||
| 650 | 0 |
_aFluid dynamics _xMathematics _911456 |
|
| 650 | 0 |
_aNumerical analysis _911457 |
|
| 856 | 4 | 1 |
_3Table of contents _uhttp://www.loc.gov/catdir/toc/ecip0512/2005012195.html |
| 942 |
_cBB _k620.1064015186 DAT _2ddc |
||
| 999 |
_c168 _d168 |
||